000
00220nam a2200085Ia 4500
008
120527s9999 xx 000 0 und d
100
_a
Manfield, Edwin
245
_a
Managerial Economics: Theory and apllication
942
_c
BK
999
_c
27203
_d
27203